00732nam a2200181 a 450000100060000000300090000600800410001504000280005608200160008410000260010024500410012626000530016730000070022050000600022750501630028765000570045065000430050714470CO-ViMGA141112s2004 ck r 000 u spa d aCO-ViMGAbspacCO-ViMGA04aFr209 G171h1 aGaravito J., Gregorio10aHistoria de la Iglesia en los Llanos aVillavicencio : bImprenta Departamental, c1994 a88 aEn : Historia de la Iglesia en los Llanos; Fr 209 G171h aMisiones de los Jesuitas Misiones Franciscanas Montfortianos Padres Salesianos Comunidades religiosas que trabajan actualmente en la Diocesis de Villavicencio14aIGLESIA - HISTORIA - LLANOS ORIENTALES - 1626 - 199414aMONTFORTIANOS - HISTORIA - 1904 - 1994